European Competitions Top 5 Scorers: 2020/21 - Statistics

General Stats
  • This quiz has been taken 7 times
  • The average score is 11 of 20
Answer Stats
Competition Goals Club Nationality Player % Correct
Champions League 10 Borussia Dortmund Norway Erling Haaland
100%
Champions League 8 PSG France Kylian Mbappe
100%
Champions League 6 Manchester United England Marcus Rashford
100%
Champions League 6 Liverpool Egypt Mohamed Salah
100%
Champions League 6 Juventus Spain Alvaro Morata
71%
Europa League 6 Manchester United Uruguay Edinson Cavani
71%
Champions League 6 Real Madrid France Karim Benzema
71%
Champions League 6 PSG Brazil Neymar
71%
Europa League 6 Roma Bosnia and Herzegovina Edin Dzeko
57%
Europa League 6 Arsenal Ivory Coast Nicolas Pepe
57%
Europa League 7 Villarreal Spain Gerard Moreno
43%
Europa League 6 Dinamo Zagreb Croatia Mislav Orsic
43%
Champions League 6 Chelsea France Olivier Giroud
43%
Champions League 6 Sevilla Morocco Youssef En-Nesyri
43%
Europa League 7 Roma Spain Borja Mayoral
29%
Europa League 6 Hoffenheim Israel Mu'nas Dabbur
29%
Europa League 6 Tottenham Brazil Carlos Vinicius
14%
Europa League 7 Lille Turkey Yusuf Yazici
14%
Europa League 6 Villarreal Spain Paco Alcacer
0%
Europa League 7 Benfica Portugal Pizzi
0%
No matching quizzes found
Score Distribution
Percent of People with Each Score
Percentile by Number Answered
Your Score History
You have not taken this quiz